Tilastot visalle Itämeren maat

Klikkaa tästä pelataksesi tätä visaa!

Yleistilastot

  • Tätä visaa on pelattu 2 027 kertaa
  • Keskiarvotulos 9 / 9

Vastaustilastot

Valtio% Oikein
Ruotsi
99%
Suomi
99%
Viro
99%
Latvia
97%
Saksa
97%
Tanska
97%
Liettua
96%
Puola
96%
Venäjä
96%

Tulosjakauma

Persentiili vastausten määrän mukaan

Jokaisen tuloksen saaneiden osuus

Tuloshistoriasi

Et ole pelannut tätä visaa